Освоение и внедрение современных образовательных технологий в учебный процесс (Запись № 10866718)

Подробности
000 -МАРКЕР
контрольное поле 01769nam0a2200313 i 4500
001 - ИДЕНТИФИКАТОР ЗАПИСИ
контрольное поле RU\NLR\BIBL_A\011279658
005 - ИДЕНТИФИКАТОР ВЕРСИИ
контрольное поле 20260406111140.0
010 ## - МЕЖДУНАРОДНЫЙ СТАНДАРТНЫЙ НОМЕР КНИГИ (ISBN)
Номер (ISBN) 9785906909206
Тираж 200
021 ## - НОМЕР ГОСУДАРСТВЕННОЙ РЕГИСТРАЦИИ
Код страны Российская Федерация
Номер 2016-86992
Номер Листа государственной регистраци 5711
035 ## - ДРУГИЕ СИСТЕМНЫЕ НОМЕРА
Идентификатор записи (NLR Aleph) 011279658
100 ## - ДАННЫЕ ОБЩЕЙ ОБРАБОТКИ
Данные общей обработки 20160517d2016 km y0rusy50 ca
101 0# - ЯЗЫК РЕСУРСА
Язык текста, звукозаписи и т.д. русский
102 ## - СТРАНА ПУБЛИКАЦИИ ИЛИ ПРОИЗВОДСТВА
Страна публикации Российская Федерация
105 ## - ПОЛЕ КОДИРОВАННЫХ ДАННЫХ: ТЕКСТОВЫЕ МАТЕРИАЛЫ, МОНОГРАФИЧЕСКИЕ
Кодированные данные о монографическом текстовом документе a z 100yy
200 1# - ЗАГЛАВИЕ И СВЕДЕНИЯ ОБ ОТВЕТСТВЕННОСТИ
Основное заглавие Освоение и внедрение современных образовательных технологий в учебный процесс
Сведения, относящиеся к заглавию материалы XIII международной научно-практической конференции (30 сентября 2016 г.)
-- сборник научных трудов
Первые сведения об ответственности науч. ред.: д.п.н., проф. С.П. Акутина
210 ## - ПУБЛИКАЦИЯ, РАСПРОСТРАНЕНИЕ И ДР.
Место издания, распространения и т.д. Москва
Имя издателя, распространителя и т. д. Перо
Дата издания, распространения и т.д. 2016
215 ## - ФИЗИЧЕСКАЯ ХАРАКТЕРИСТИКА
Специфическое обозначение материала и объем 105 с.
Другие сведения о физической характеристике ил.
Размеры 20
300 ## - ОБЩИЕ ПРИМЕЧАНИЯ
Текст примечания В надзаг.: Центр научной мысли
320 ## - ПРИМЕЧАНИЯ О НАЛИЧИИ В ДОКУМЕНТЕ БИБЛИОГРАФИИ / УКАЗАТЕЛЯ
Текст примечания Библиогр. в конце ст.
606 ## - НАИМЕНОВАНИЕ ТЕМЫ КАК ПРЕДМЕТ
Наименование темы Педагогические технологии
Формальный подзаголовок Съезды, совещания и т.п.
Системный номер авторитетной/нормативной записи 2076378
Идентификатор авторитетной/нормативной записи RU\NLR\auth\661251519
686 1# - ИНДЕКСЫ ДРУГИХ КЛАССИФИКАЦИЙ
Индекс Ч312я431
702 #1 - ИМЯ ЛИЦА - ВТОРИЧНАЯ ОТВЕТСТВЕННОСТЬ
Код отношения Редактор
Графика поля Кириллица
Материалы, к которым относится поле rus
Начальный элемент ввода Акутина
Часть имени, кроме начального элемента ввода С. П.
Дополнения к именам, кроме дат д-р пед. наук
Расширение инициалов личного имени Светлана Петровна
Системный номер авторитетной/нормативной записи 101441
Идентификатор авторитетной/нормативной записи RU\NLR\AUTH\77118516
711 12 - НАИМЕНОВАНИЕ ОРГАНИЗАЦИИ - АЛЬТЕРНАТИВНАЯ ОТВЕТСТВЕННОСТЬ
Начальный элемент ввода "Освоение и внедрение современных образовательных технологий в учебный процесс", международная научно-практическая конференция
Порядковый номер временной организации и / или порядковый номер ее части 13
Место проведения временной организации Таганрог
Дата проведения временной организации 2016
Системный номер авторитетной/нормативной записи 539375
Идентификатор авторитетной/нормативной записи RU\NLR\AUTH\880437574
942 ## - ДОПОЛНИТЕЛЬНЫЕ ЭЛЕМЕНТЫ ЗАПИСИ (АБИС)
Тип экземпляра АБИС Книга
980 ## - КОЛЛЕКЦИЯ
Название коллекции НБР

Нет доступных экземпляров.